A critical history of english Literature (Record no. 1809)

MARC details
000 -LEADER
fixed length control field 00486 a2200181 4500
001 - CONTROL NUMBER
control field 067953
003 - CONTROL NUMBER IDENTIFIER
control field OSt
005 - DATE AND TIME OF LATEST TRANSACTION
control field 20220112102312.0
008 - FIXED-LENGTH DATA ELEMENTS--GENERAL INFORMATION
fixed length control field
082 ## - DEWEY DECIMAL CLASSIFICATION NUMBER
Classification number 820.9
Item number D14C
100 1# - MAIN ENTRY--PERSONAL NAME
Personal name Daiches, David
245 1# - TITLE STATEMENT
Title A critical history of english Literature
Statement of responsibility, etc by David Daiches
260 ## - PUBLICATION, DISTRIBUTION, ETC. (IMPRINT)
Place of publication, distribution, etc New Delhi
Name of publisher, distributor, etc Random
Date of publication, distribution, etc 1960
300 ## - PHYSICAL DESCRIPTION
Extent 2v. (v.1: 534; v.2: 537-1211p.)
500 ## - GENERAL NOTE
General note 2240 v.1; 2241 v.2
653 ## - INDEX TERM--UNCONTROLLED
Uncontrolled term English literature
942 ## - ADDED ENTRY ELEMENTS (KOHA)
Source of classification or shelving scheme Dewey Decimal Classification
Koha item type Books
Holdings
Withdrawn status Lost status Damaged status Not for loan Collection code Home library Current library Date acquired Source of acquisition Cost, normal purchase price Total Checkouts Full call number Barcode Date last seen Date checked out Price effective from Koha item type
        General Text Book Central University Of Rajasthan Central University Of Rajasthan 07/03/2012 ENG 310.00 1 820.9 D14C 2241 25/02/2026 10/02/2026 02/09/2020 Books
        General Text Book Central University Of Rajasthan Central University Of Rajasthan 07/03/2012 ENG 310.00 1 820.9 D14C 2240 21/11/2024 20/09/2023 02/09/2020 Books